000 00424pab a2200169 454500
008 180718b2018 xxu||||| |||| 00| 0 eng d
100 _aRoy, Rathin
245 _aShould states target a 3% fiscal deficit?
260 _c2018
300 _ap.48-53.
362 _a3 Mar
650 _aPublic Finance
650 _aFiscal deficit
700 _aKotia, Ananya
773 _aEconomic and Political Weekly
909 _a116980
999 _c116974
_d116974